Capitale aléatoire d'Amérique du Nord. - Statistiques

Statistiques générales
  • Ce quiz a été pris 791 fois
  • Le résultat moyen est 8 sur 10
Statistiques - réponses
Pays Capitale % Correct
Etats-Unis Washington
98%
Méxique Mexico
96%
Cuba La Havane
95%
Canada Ottawa
95%
Panama Panama
93%
Guatemala Guatemala
91%
Salvadore San Salvador
86%
Rep. Dominicaine Saint-Domingue
82%
Haïti Port-au-Prince
81%
Jamaïque Kingston
80%
Nicaragua Managua
80%
Costa Rica San José
78%
Bahamas Nassau
77%
Sainte Lucie Castries
75%
Trinité-et-Tobago Port-d'Espagne
74%
Saint-Christophe-et-Niévès Basseterre
72%
Antigua-et-Barbuda Saint John's
69%
Honduras Tegucigalpa
69%
Saint-Vincent-et-les-Grenadines Kingstown
67%
Dominique Roseau
67%
Grenade Saint-Georges
63%
Belize Belmopan
61%
Barbade Bridgetown
58%
Aucun quiz correspondant
Distribution des résultats
% des personnes avec chaque résultat
Percentile par nombre de réponses
Votre historique - résultats
Vous n’avez pas pris ce quiz